A Course in Electrical Technology (Part III) (Record no. 61095)
[ view plain ]
| 000 -LEADER | |
|---|---|
| fixed length control field | 00531nam a22002057a 4500 |
| 003 - CONTROL NUMBER IDENTIFIER | |
| control field | 00433nam a22001817a 4500 |
| 005 - DATE AND TIME OF LATEST TRANSACTION | |
| control field | 20230719130621.0 |
| 008 - FIXED-LENGTH DATA ELEMENTS--GENERAL INFORMATION | |
| fixed length control field | 230719b |||||||| |||| 00| 0 eng d |
| 020 ## - INTERNATIONAL STANDARD BOOK NUMBER | |
| International Standard Book Number | 8185749299 |
| 040 ## - CATALOGING SOURCE | |
| Language of cataloging | Eng |
| Transcribing agency | Library of Congress catalog card |
| 082 ## - DEWEY DECIMAL CLASSIFICATION NUMBER | |
| Classification number | 621.38 |
| Item number | GUP |
| 100 ## - MAIN ENTRY--PERSONAL NAME | |
| Personal name | J.B.Gupta |
| 245 ## - TITLE STATEMENT | |
| Title | A Course in Electrical Technology (Part III) |
| 250 ## - EDITION STATEMENT | |
| Edition statement | 11th |
| 260 ## - PUBLICATION, DISTRIBUTION, ETC. | |
| Place of publication, distribution, etc. | New Delhi |
| Name of publisher, distributor, etc. | Kataria |
| Date of publication, distribution, etc. | 2002 |
| 300 ## - PHYSICAL DESCRIPTION | |
| Extent | XVI;1209p |
| 500 ## - GENERAL NOTE | |
| General note | 3 |
| 650 ## - SUBJECT ADDED ENTRY--TOPICAL TERM | |
| Topical term or geographic name entry element | Electrical |
| 942 ## - ADDED ENTRY ELEMENTS (KOHA) | |
| Source of classification or shelving scheme | Dewey Decimal Classification |
| Koha item type | Books |
| Suppress in OPAC | No |
| Withdrawn status | Lost status | Source of classification or shelving scheme | Damaged status | Not for loan | Home library | Current library | Date acquired | Total Checkouts | Full call number | Barcode | Date last seen | Price effective from | Koha item type |
|---|---|---|---|---|---|---|---|---|---|---|---|---|---|
| Dewey Decimal Classification | Central Library, Trident Academy of Technology | Central Library, Trident Academy of Technology | 07/19/2023 | 621.38 GUP | 5432 | 07/19/2023 | 07/19/2023 | Books | |||||
| Dewey Decimal Classification | Central Library, Trident Academy of Technology | Central Library, Trident Academy of Technology | 07/19/2023 | 621.38 GUP | 5433 | 07/19/2023 | 07/19/2023 | Books | |||||
| Dewey Decimal Classification | Central Library, Trident Academy of Technology | Central Library, Trident Academy of Technology | 07/19/2023 | 621.38 GUP | 5434 | 07/19/2023 | 07/19/2023 | Books |
